The way of the shepherd : (Record no. 7280)

MARC details
000 -LEADER
fixed length control field 00784cam a2200241 a 4500
001 - CONTROL NUMBER
control field 1948567
003 - CONTROL NUMBER IDENTIFIER
control field OSt
005 - DATE AND TIME OF LATEST TRANSACTION
control field 20190205145957.0
008 - FIXED-LENGTH DATA ELEMENTS--GENERAL INFORMATION
fixed length control field 870302s1987 orua b 000 0 eng
010 ## - LIBRARY OF CONGRESS CONTROL NUMBER
LC control number 87005699
020 ## - INTERNATIONAL STANDARD BOOK NUMBER
International Standard Book Number 0880701935 (pbk.) :
Terms of availability $5.95
040 ## - CATALOGING SOURCE
Original cataloging agency DLC
Transcribing agency DLC
Modifying agency DLC
050 00 - LIBRARY OF CONGRESS CALL NUMBER
Classification number BS1450 23rd
Item number .B25 1987
082 00 - DEWEY DECIMAL CLASSIFICATION NUMBER
Classification number 242.5
Edition number 19
Item number B167W
100 1# - MAIN ENTRY--PERSONAL NAME
Personal name Baker, Don.
245 14 - TITLE STATEMENT
Title The way of the shepherd :
Remainder of title courage and contentment from the 23rd Psalm /
Statement of responsibility, etc. Don Baker ; [photography by Åke Lundberg].
260 ## - PUBLICATION, DISTRIBUTION, ETC.
Place of publication, distribution, etc. Portland, Or. :
Name of publisher, distributor, etc. Multnomah Press,
Date of publication, distribution, etc. c1987.
300 ## - PHYSICAL DESCRIPTION
Extent [95] p. :
Other physical details col. ill. ;
Dimensions 22 cm.
504 ## - BIBLIOGRAPHY, ETC. NOTE
Bibliography, etc. note Bibliography: p. [94].
630 00 - SUBJECT ADDED ENTRY--UNIFORM TITLE
Uniform title Bible.
Name of part/section of a work Psalms, XXIII
General subdivision Meditations.
906 ## - LOCAL DATA ELEMENT F, LDF (RLIN)
a 7
b cbc
c orignew
d 1
e ocip
f 19
g y-gencatlg
942 ## - ADDED ENTRY ELEMENTS (KOHA)
Source of classification or shelving scheme Dewey Decimal Classification
Koha item type Books
Holdings
Withdrawn status Lost status Source of classification or shelving scheme Damaged status Not for loan Collection code Home library Current library Shelving location Date acquired Cost, normal purchase price Total Checkouts Full call number Barcode Date last seen Price effective from Koha item type
    Dewey Decimal Classification     Non-fiction Harvest Mission College Harvest Mission College General Stacks 05.02.2019 460.00   242.5 B167W 008293 05.02.2019 05.02.2019 Books

OPAC Designed and Maintained by HMC Library Team.
Copyright © HMC Library,Greater Noida, UP.
For any Suggestions/Query Contact library via Email:libhmc@gmail.com